[Event "XXV Weekend B"]
[Site "Robecchetto con Induno ITA"]
[Date "2014.12.26"]
[Round "1"]
[White "Marchesotti, Giovanni"]
[Black "Monzeglio, Graziella"]
[WhiteElo "1475"]
[BlackElo "1224"]
[Result "1-0"]
[PlyCount "65"]
[EventDate "2014.12.26"]

1. f4 Nc6 2. Nf3 d5 3. e3 Bf5 4. c3 e6 5. d4 Bd6 6. Be2 Nge7 7. Nbd2 O-O 8. O-O
a6 9. Nh4 b5 10. g4 Be4 11. Nxe4 dxe4 12. a3 Ng6 13. Ng2 Nh4 14. Qe1 Nxg2 15.
Kxg2 Ne7 16. Qh4 h6 17. Bd2 Ng6 18. Qxd8 Raxd8 19. Be1 Be7 20. Bg3 Bh4 21. f5
exf5 22. gxf5 Bxg3 23. fxg6 Bd6 24. gxf7+ Rxf7 25. Rxf7 Kxf7 26. Rf1+ Kg6 27.
Kh3 Be7 28. Rf4 c5 29. Rxe4 Re8 30. dxc5 Kf7 31. Kg2 Bxc5 32. Bh5+ g6 33. Bxg6+
1-0

[Event "XXV Weekend B"]
[Site "Robecchetto con Induno ITA"]
[Date "2014.12.26"]
[Round "1"]
[White "Miracola, Giuseppe"]
[Black "Cella, Pietro"]
[WhiteElo "1181"]
[BlackElo "1466"]
[Result "0-1"]
[PlyCount "104"]
[EventDate "2014.12.26"]

1. e4 c5 2. Nc3 Nc6 3. Bc4 g6 4. a3 Bg7 5. d3 Nf6 6. f4 e6 7. e5 Ng8 8. Nf3
Nge7 9. O-O O-O 10. Ne4 b6 11. c3 Bb7 12. Nd6 Rb8 13. Qe1 Nc8 14. Ne4 d5 15.
exd6 Nxd6 16. Nxd6 Qxd6 17. Ng5 Rbe8 18. Qh4 h6 19. Ne4 Qd8 20. Qg3 Ne7 21. Bb5
Bc6 22. Bxc6 Nxc6 23. Bd2 Qd7 24. Qh3 Rd8 25. Rf3 Ne7 26. Be1 Nd5 27. Bh4 Rc8
28. c4 Nc7 29. Nf6+ Bxf6 30. Bxf6 h5 31. Rd1 Ne8 32. Bg5 Qd4+ 33. Rf2 Nf6 34.
Rdf1 Ng4 35. Qh4 Nxf2 36. Rxf2 Qxd3 37. h3 Qxc4 38. Bf6 Qd5 39. g4 c4 40. Bc3
Rfd8 41. Qf6 e5 42. gxh5 Qd1+ 43. Kh2 Qxh5 44. Bxe5 Qh7 45. Bc3 Rd3 46. h4 Re8
47. Rg2 Re6 48. Qg5 Ree3 49. Qg4 Rh3+ 50. Kg1 Qxh4 51. Qc8+ Rd8 52. Bf6 Rh1#
0-1

[Event "XXV Weekend B"]
[Site "Robecchetto con Induno ITA"]
[Date "2014.12.26"]
[Round "1"]
[White "Mori, Claudio"]
[Black "Della Peruta, Lorenzo"]
[WhiteElo "1377"]
[BlackElo "1522"]
[Result "0-1"]
[PlyCount "76"]
[EventDate "2014.12.26"]

1. Nf3 d5 2. d4 Nf6 3. e3 Bf5 4. Nc3 e6 5. Bb5+ Nbd7 6. Bd2 Bd6 7. O-O O-O 8.
a3 c6 9. Be2 Qc7 10. Na2 Bg4 11. g3 Ne4 12. c4 Nxd2 13. Nxd2 Bxe2 14. Qxe2 e5
15. c5 Be7 16. b4 Rfe8 17. Nb3 exd4 18. Nxd4 Bf6 19. Rad1 Ne5 20. Nf5 Nc4 21.
Rd3 a5 22. Nd6 Nxd6 23. cxd6 Qxd6 24. Qd2 Qc7 25. Rc1 Qe5 26. Rc2 axb4 27. Nxb4
Qa1+ 28. Rc1 Qb2 29. Rc2 Qe5 30. Kg2 Rac8 31. Rc5 Be7 32. Rc2 Bxb4 33. Qxb4
Qe4+ 34. Kg1 Qxd3 35. Rc3 Qb5 36. Qd4 Qb1+ 37. Kg2 Qe4+ 38. Kg1 Qxd4 0-1

[Event "XXV Weekend B"]
[Site "Robecchetto con Induno ITA"]
[Date "2014.12.26"]
[Round "1"]
[White "Nava, Mario"]
[Black "Pivari, Flavio"]
[WhiteElo "1241"]
[BlackElo "1476"]
[Result "1-0"]
[PlyCount "97"]
[EventDate "2014.12.26"]

1. Nf3 Nf6 2. c4 e6 3. Nc3 c6 4. e4 d5 5. exd5 exd5 6. cxd5 Nxd5 7. d4 Bb4 8.
Bd2 Bg4 9. Be2 O-O 10. O-O Nd7 11. Nxd5 Bxd2 12. Qxd2 cxd5 13. Rfe1 Re8 14. h3
Bxf3 15. Bxf3 Nf6 16. Rxe8+ Qxe8 17. Re1 Qc6 18. Re7 h6 19. Qb4 b6 20. Kh2 a5
21. Qe1 Rc8 22. Re2 Kh7 23. Qd2 Qd6+ 24. g3 Rc7 25. Qd3+ g6 26. h4 Kg7 27. Re5
Qd7 28. Kg2 b5 29. a3 b4 30. axb4 axb4 31. Qb3 Rc4 32. Rxd5 Nxd5 33. Qxc4 Ne7
34. Qxb4 Nf5 35. d5 Qc7 36. Qc3+ Qxc3 37. bxc3 Kf6 38. Be4 Nd6 39. Kf3 Ke5 40.
Bc2 Kxd5 41. Bb3+ Kc5 42. Kf4 f6 43. f3 Nb5 44. Bf7 g5+ 45. hxg5 hxg5+ 46. Kf5
Nxc3 47. g4 Nd5 48. Bxd5 Kxd5 49. Kxf6 1-0

[Event "XXV Weekend B"]
[Site "Robecchetto con Induno ITA"]
[Date "2014.12.26"]
[Round "1"]
[White "Negro, Andrea"]
[Black "Ossoli, Giuseppe"]
[WhiteElo "1389"]
[BlackElo "1541"]
[Result "1/2-1/2"]
[PlyCount "111"]
[EventDate "2014.12.26"]

1. d4 e6 2. c4 Nf6 3. Nc3 b6 4. Nf3 Bb7 5. Bg5 c5 6. e3 d6 7. Bd3 Nbd7 8. O-O
Be7 9. Re1 O-O 10. Nd2 a6 11. Qc2 h6 12. Bh4 Ne8 13. Bxe7 Qxe7 14. Be4 Ndf6 15.
Bf3 Bxf3 16. Nxf3 Nc7 17. Rad1 Rab8 18. Ne4 Rb7 19. b3 Rfb8 20. dxc5 dxc5 21.
Ne5 Nxe4 22. Qxe4 f5 23. Qf3 Ne8 24. Nc6 Qf7 25. Nxb8 Rxb8 26. e4 Qg6 27. exf5
exf5 28. Qd5+ Kh7 29. Re6 Nf6 30. Qd6 Qh5 31. Rde1 Rg8 32. Qxb6 Ne4 33. f3 Qh4
34. Rf1 Nd2 35. Rd1 Qg5 36. Qc6 Rd8 37. Re2 Nxf3+ 38. Qxf3 Rxd1+ 39. Kf2 Rd4
40. Qe3 Qh4+ 41. Qg3 Qf6 42. Qc7 Qh4+ 43. Qg3 Qh5 44. Qf3 Qg5 45. g3 f4 46. Re4
fxg3+ 47. hxg3 Rd2+ 48. Re2 Rxe2+ 49. Qxe2 Qf6+ 50. Qf3 Qb2+ 51. Qe2 Qf6+ 52.
Kg2 Qc6+ 53. Qf3 Qb6 54. Qf5+ Kg8 55. Qd5+ Kh7 56. Qf5+ 1/2-1/2

[Event "XXV Weekend B"]
[Site "Robecchetto con Induno ITA"]
[Date "2014.12.26"]
[Round "1"]
[White "Pattano, Antonio"]
[Black "Rizzi, Domenico"]
[WhiteElo "1437"]
[BlackElo "1624"]
[Result "0-1"]
[PlyCount "102"]
[EventDate "2014.12.26"]

1. e4 c5 2. Nc3 e6 3. Nf3 Nc6 4. Bb5 Qc7 5. d4 cxd4 6. Nxd4 Nf6 7. Nf3 Bb4 8.
O-O Bxc3 9. bxc3 Nxe4 10. Qd3 d5 11. Bb2 O-O 12. Bxc6 bxc6 13. Rfe1 Qb6 14. Nd4
Qxb2 15. Ne2 Qb6 16. Rf1 Ba6 17. Qe3 Qxe3 18. fxe3 Bxe2 19. Rfe1 Bc4 20. a4
Nxc3 21. Ra3 Ne4 22. a5 Rab8 23. h3 Rb2 24. Rc1 h6 25. Kh2 Rfb8 26. Raa1 Nc3
27. Re1 Rxc2 28. Rac1 Rbb2 29. Rxc2 Rxc2 30. Kh1 Ne4 31. Kh2 Ng5 32. Kg3 Bb5
33. Rg1 c5 34. h4 Ne4+ 35. Kh2 c4 36. a6 c3 37. Rb1 Rb2 38. Rc1 Bd3 39. h5 c2
40. Rxc2 Rxc2 41. Kh3 Ng5+ 42. Kh2 Be4 43. Kg1 Bxg2 44. Kh2 Be4+ 45. Kg1 f5 46.
Kf1 f4 47. exf4 Nh3 48. f5 exf5 49. Ke1 f4 50. Kd1 f3 51. Ke1 f2+ 0-1

[Event "XXV Weekend B"]
[Site "Robecchetto con Induno ITA"]
[Date "2014.12.26"]
[Round "1"]
[White "Persico, Lorenzo"]
[Black "Milazzo, Gianluca"]
[WhiteElo "1408"]
[BlackElo "1576"]
[Result "1-0"]
[PlyCount "105"]
[EventDate "2014.12.26"]

1. e4 d6 2. d4 Nf6 3. Nc3 g6 4. g3 Bg7 5. Bg2 Nbd7 6. Nge2 O-O 7. f4 e5 8. dxe5
dxe5 9. f5 c6 10. O-O Qb6+ 11. Kh1 Ng4 12. Qe1 Ne3 13. Bxe3 Qxe3 14. Qf2 Qxf2
15. Rxf2 Nf6 16. fxg6 fxg6 17. Nc1 Be6 18. Nb3 b6 19. Rd2 Rad8 20. Rad1 Rd7 21.
Rxd7 Bxd7 22. Nd2 Bg4 23. Rf1 Rd8 24. Nc4 Ne8 25. Ne3 Be6 26. a3 Bh6 27. Rd1
Rd4 28. Nf1 Bg4 29. Rd3 Bc1 30. h3 Be6 31. Nd1 Bc4 32. Rxd4 exd4 33. a4 Be2 34.
Nf2 Bxb2 35. Nd2 Nc7 36. Bf3 Bxf3+ 37. Nxf3 Kg7 38. Ng4 Ne6 39. h4 Nc5 40. Nd2
Nxa4 41. Ne5 c5 42. Nc6 a5 43. e5 Kf7 44. Ne4 h6 45. Nd6+ Ke6 46. Nb7 Nc3 47.
Nbd8+ Kd7 48. e6+ Ke8 49. Nf7 h5 50. Nd6+ Kf8 51. e7+ Kg7 52. e8=Q Nd5 53. Qe5+
1-0

[Event "XXV Weekend B"]
[Site "Robecchetto con Induno ITA"]
[Date "2014.12.26"]
[Round "1"]
[White "Rigotti, Gianluigi"]
[Black "Loggia, Davide"]
[WhiteElo "1564"]
[BlackElo "1392"]
[Result "1/2-1/2"]
[PlyCount "101"]
[EventDate "2014.12.26"]

1. e4 c5 2. g3 Nc6 3. Bg2 e6 4. Ne2 Be7 5. O-O Nf6 6. c3 d5 7. exd5 exd5 8. d4
cxd4 9. Nxd4 O-O 10. Be3 Nxd4 11. Bxd4 Be6 12. Nd2 b6 13. Nf3 Rc8 14. Ne5 Bc5
15. f4 Bxd4+ 16. Qxd4 Ng4 17. Nxg4 Bxg4 18. Qxd5 Qc7 19. Rfe1 Rfd8 20. Qe5 Qxe5
21. Rxe5 Rd2 22. Rae1 Kf8 23. Re7 a5 24. Bc6 Be6 25. R1xe6 fxe6 26. Rxe6 Rxb2
27. c4 Rxa2 28. Bd5 Rd2 29. f5 b5 30. f6 gxf6 31. Rxf6+ Ke7 32. Rf7+ Kd6 33.
Rf6+ Ke5 34. Re6+ Kf5 35. Rb6 a4 36. Be6+ Ke4 37. Bxc8 a3 38. cxb5 a2 39. Ra6
Rd1+ 40. Kg2 a1=Q 41. Rxa1 Rxa1 42. b6 Rb1 43. b7 Ke5 44. h4 h5 45. Kf2 Ke4 46.
Kg2 Rb2+ 47. Kh3 Kf3 48. g4 hxg4+ 49. Bxg4+ Kf4 50. Bc8 Rb3+ 51. Kg2 1/2-1/2

[Event "XXV Weekend B"]
[Site "Robecchetto con Induno ITA"]
[Date "2014.12.26"]
[Round "1"]
[White "Sacchi, Luca"]
[Black "Ruggeri, Igor"]
[WhiteElo "1360"]
[BlackElo "1511"]
[Result "0-1"]
[PlyCount "86"]
[EventDate "2014.12.26"]

1. e4 c5 2. Nf3 d6 3. Bc4 Nf6 4. Nc3 e6 5. d3 Be7 6. Be3 O-O 7. d4 cxd4 8. Nxd4
a6 9. O-O b5 10. Bd3 Bb7 11. b4 Qc7 12. Qd2 Nbd7 13. a3 Rac8 14. Nde2 Ne5 15.
f3 Nc4 16. Bxc4 Qxc4 17. Qd4 Qxd4 18. Bxd4 Rc4 19. Ra2 Rfc8 20. e5 dxe5 21.
Bxe5 Nd7 22. Bf4 Rxc3 23. Nxc3 Rxc3 24. Rd1 Bd5 25. Rb2 Bf6 26. Bc1 Nb6 27. Rd3
Rxd3 28. cxd3 Bxb2 29. Bxb2 Na4 30. Bd4 f6 31. f4 Kf7 32. Kf2 Ke7 33. g3 Kd6
34. Ke3 e5 35. fxe5+ fxe5 36. Ba1 Nb6 37. Bb2 Nd7 38. d4 e4 39. Kf4 Nb6 40. Bc1
Nc4 41. h4 Bb7 42. g4 Kd5 43. Be3 Nxa3 0-1

[Event "XXV Weekend B"]
[Site "Robecchetto con Induno ITA"]
[Date "2014.12.27"]
[Round "2"]
[White "Beltrami, Jacopo"]
[Black "Nava, Mario"]
[WhiteElo "1642"]
[BlackElo "1241"]
[Result "1-0"]
[PlyCount "81"]
[EventDate "2014.12.26"]

1. e4 c5 2. Nf3 e6 3. d4 cxd4 4. Nxd4 Nf6 5. f3 Be7 6. c4 O-O 7. Be3 h6 8. Nc3
a6 9. Be2 Bb4 10. Qb3 Qa5 11. Rc1 Nc6 12. a3 Bxc3+ 13. Rxc3 Qe5 14. Rd3 Ne7 15.
Nc2 Qb8 16. Bc5 Re8 17. Bd6 Qa7 18. c5 Nc6 19. Ne3 b5 20. cxb6 Qb7 21. Nc4 a5
22. O-O Ra6 23. Bc7 Qa8 24. Nd6 Rf8 25. Rdd1 Bb7 26. Bxa6 Qxa6 27. Nxb7 Qxb7
28. Qc3 e5 29. b4 axb4 30. axb4 Nd4 31. Kh1 Rc8 32. Qc5 Re8 33. Ra1 Ra8 34.
Rxa8+ Qxa8 35. Qa5 Qc8 36. Ra1 Kh7 37. Qa8 Qxa8 38. Rxa8 Nb5 39. Bxe5 d6 40.
Bxf6 gxf6 41. b7 1-0

[Event "XXV Weekend B"]
[Site "Robecchetto con Induno ITA"]
[Date "2014.12.27"]
[Round "2"]
[White "Bonuglia, Gabriele"]
[Black "Corbelli, Daniele"]
[WhiteElo "1428"]
[BlackElo "1353"]
[Result "0-1"]
[PlyCount "148"]
[EventDate "2014.12.26"]

1. e4 e5 2. Nf3 Nc6 3. Bc4 Nf6 4. d3 Be7 5. O-O O-O 6. Nbd2 d6 7. c3 Bg4 8. h3
Bh5 9. Re1 Na5 10. d4 Nxc4 11. Nxc4 d5 12. Ncd2 exd4 13. cxd4 Bb4 14. Qb3 dxe4
15. Qxb4 Nd5 16. Qxb7 exf3 17. Nxf3 Bxf3 18. gxf3 Qd6 19. Bd2 Rfb8 20. Qxa8
Rxa8 21. Re2 Nf4 22. Bxf4 Qxf4 23. Rae1 Kf8 24. d5 Qxf3 25. Re4 Qxh3 26. Re7
Qg4+ 27. Kf1 Qc4+ 28. Kg1 Qxd5 29. Rxc7 Qg5+ 30. Kf1 h5 31. Rc3 g6 32. Rg3 Qb5+
33. Kg1 Re8 34. Rxe8+ Qxe8 35. Ra3 Qe1+ 36. Kg2 a5 37. Rb3 Qe4+ 38. Kf1 Qc4+
39. Kg1 Qxb3 40. axb3 Ke7 41. Kg2 Kd6 42. Kf3 Ke5 43. Ke3 f5 44. f4+ Kd5 45.
Kf3 Kd4 46. Kg3 Ke4 47. b4 axb4 48. b3 h4+ 49. Kxh4 Kxf4 50. Kh3 g5 51. Kh2 Kf3
52. Kh3 Kf2 53. Kh2 f4 54. Kh3 Kg1 55. Kg4 Kg2 56. Kxg5 f3 57. Kf5 f2 58. Ke4
f1=Q 59. Kd4 Qb5 60. Ke3 Qd5 61. Ke2 Qxb3 62. Kd2 Qc3+ 63. Kd1 Qd3+ 64. Ke1
Qb1+ 65. Ke2 Qf1+ 66. Kd2 b3 67. Kc3 Kf2 68. Kxb3 Qc1 69. Ka4 Ke3 70. Kb3 Kd3
71. Ka2 Qc8 72. Kb3 Qb8+ 73. Ka3 Kc3 74. Ka4 Qb4# 0-1

[Event "XXV Weekend B"]
[Site "Robecchetto con Induno ITA"]
[Date "2014.12.27"]
[Round "2"]
[White "Carando, Enrica"]
[Black "Rigotti, Gianluigi"]
[WhiteElo "1362"]
[BlackElo "1564"]
[Result "0-1"]
[PlyCount "128"]
[EventDate "2014.12.26"]

1. e4 e5 2. Nf3 Nc6 3. Nc3 d6 4. Bc4 Be7 5. d4 Bg4 6. Bb5 a6 7. Bxc6+ bxc6 8.
dxe5 Bxf3 9. Qxf3 dxe5 10. O-O Bd6 11. Qg3 Qf6 12. Qg5 h6 13. Qxf6 Nxf6 14. a3
O-O 15. Rd1 g5 16. Rd3 Rad8 17. Rh3 Bc5 18. Rxh6 Nxe4 19. Be3 Bxe3 20. fxe3
Nxc3 21. bxc3 Rd6 22. Rxd6 cxd6 23. Rb1 f5 24. Rb6 Rc8 25. Kf2 Kf7 26. Kf3 Ke6
27. Rxa6 Kd5 28. Ra4 e4+ 29. Kg3 c5 30. c4+ Ke5 31. Ra7 f4+ 32. Kf2 Rb8 33.
Re7+ Kf5 34. exf4 gxf4 35. Rf7+ Ke5 36. Ke1 Rg8 37. Kf2 Ra8 38. c3 Rxa3 39.
Re7+ Kf5 40. Rf7+ Kg5 41. Re7 Ra2+ 42. Ke1 e3 43. Re6 Rd2 44. h3 Rd3 45. Ke2
Rxc3 46. Rxd6 Rxc4 47. Kf3 Rd4 48. Rc6 c4 49. Rc5+ Kh4 50. Rc8 Kg5 51. Rc5+ Kf6
52. Rc8 Ke6 53. h4 Kd5 54. Rd8+ Kc5 55. Rc8+ Kb4 56. h5 Kc3 57. h6 Rd7 58. Kxf4
e2 59. Re8 Kd2 60. g4 e1=Q 61. Rxe1 Kxe1 62. g5 c3 63. g6 c2 64. g7 c1=Q+ 0-1

[Event "XXV Weekend B"]
[Site "Robecchetto con Induno ITA"]
[Date "2014.12.27"]
[Round "2"]
[White "Cella, Pietro"]
[Black "Ferri, Antonio"]
[WhiteElo "1466"]
[BlackElo "1646"]
[Result "0-1"]
[PlyCount "128"]
[EventDate "2014.12.26"]

1. d4 Nf6 2. c4 d6 3. Nc3 g6 4. e4 Bg7 5. Nf3 O-O 6. Be2 Nbd7 7. O-O c6 8. Be3
Qc7 9. Rc1 Ng4 10. Bg5 f6 11. Bd2 Nh6 12. d5 Nf7 13. Qc2 Nde5 14. Nxe5 Nxe5 15.
h3 f5 16. f4 Nf7 17. exf5 Bxf5 18. Bd3 Nh6 19. Rfe1 a6 20. Re2 Bd4+ 21. Be3
Bxe3+ 22. Rxe3 Bxd3 23. Qxd3 Rxf4 24. Rce1 Re8 25. Ne2 Rf7 26. dxc6 bxc6 27.
Nd4 Qb6 28. Kh1 e5 29. Nb3 Nf5 30. R3e2 Qc7 31. Nd2 d5 32. cxd5 cxd5 33. Nf1
Qd6 34. Ng3 Nxg3+ 35. Qxg3 Rfe7 36. Qb3 Kg7 37. Qg3 d4 38. Qd3 a5 39. Re4 Qb4
40. R1e2 Qc5 41. a3 Rb8 42. Qg3 Rbe8 43. Qd3 Re6 44. Kh2 Qb6 45. Qg3 Qb5 46.
Rd2 a4 47. Qg5 Qf1 48. Qg3 Qb5 49. Qg5 R8e7 50. Qg3 h6 51. Kg1 Kf7 52. Rf2+ Rf6
53. Rxf6+ Kxf6 54. Qh4+ Kf7 55. Qxh6 Qc6 56. Qh7+ Ke8 57. Qh8+ Kd7 58. Rxe5
Qc1+ 59. Kf2 Qf4+ 60. Kg1 Qxe5 61. Qa8 Qe3+ 62. Kh1 Qc1+ 63. Kh2 Qf4+ 64. g3
Qf2+ 0-1

[Event "XXV Weekend B"]
[Site "Robecchetto con Induno ITA"]
[Date "2014.12.27"]
[Round "2"]
[White "Ciochetta, Giovanni"]
[Black "Koureas, Panicos"]
[WhiteElo "1587"]
[BlackElo "1441"]
[Result "1/2-1/2"]
[PlyCount "146"]
[EventDate "2014.12.26"]

1. e4 e5 2. Nf3 Nc6 3. Bc4 Nf6 4. Ng5 d5 5. exd5 Na5 6. d3 h6 7. Nf3 Bd6 8. O-O
O-O 9. Bd2 Nxc4 10. dxc4 Re8 11. h3 c6 12. dxc6 bxc6 13. Nc3 Qc7 14. Re1 Ba6
15. b3 Rad8 16. Ne4 Qe7 17. Qe2 Bb8 18. Bc3 Nd5 19. Bd2 f5 20. Ng3 Qf6 21. Qf1
e4 22. Nh2 Qd4 23. Ba5 Bxg3 24. Bxd8 Bxh2+ 25. Kxh2 Qe5+ 26. Kh1 Rxd8 27. Rad1
Re8 28. Qg1 Nb4 29. Rd7 Re7 30. f4 Qe6 31. Rd8+ Kh7 32. Red1 e3 33. R1d6 Qe4
34. Qe1 c5 35. c3 Bb7 36. Qe2 Nc6 37. R8d7 Rxd7 38. Rxd7 Ne7 39. Rd3 Ng6 40.
Rxe3 Qb1+ 41. Kh2 Be4 42. Qf2 Qd1 43. Re1 Qd3 44. Rc1 Qd6 45. g3 Qc6 46. a3 Bf3
47. b4 Qe4 48. Re1 Qc6 49. bxc5 Be4 50. Qb2 Qd7 51. Re2 Qd1 52. Rg2 Bxg2 53.
Kxg2 Qe1 54. Qc2 Qe3 55. c6 Qc5 56. Qa4 h5 57. Qb5 Qd6 58. Qd5 Qxa3 59. c7 Qb2+
60. Kf1 Qc1+ 61. Ke2 Qc2+ 62. Ke3 Qxc3+ 63. Qd3 Qe1+ 64. Kd4 Qa1+ 65. Kc5 Qa5+
66. Kd6 Qb6+ 67. Kd7 Nf8+ 68. Kc8 g6 69. Qd8 Ne6 70. Qe7+ Kh6 71. c5 Nxc5 72.
Qf8+ Kh7 73. Qf7+ Kh6 1/2-1/2

[Event "XXV Weekend B"]
[Site "Robecchetto con Induno ITA"]
[Date "2014.12.27"]
[Round "2"]
[White "Colombo, Abner"]
[Black "Madaschi, Sergio"]
[WhiteElo "1307"]
[BlackElo "1498"]
[Result "0-1"]
[PlyCount "28"]
[EventDate "2014.12.26"]

1. e4 c5 2. Nf3 Nc6 3. d4 cxd4 4. Nxd4 e5 5. Nxc6 bxc6 6. a3 Nf6 7. Bd3 Be7 8.
f4 Qc7 9. f5 Bb7 10. b4 d5 11. Bg5 dxe4 12. Bc4 Nd5 13. Bxd5 cxd5 14. O-O Bxg5
0-1

[Event "XXV Weekend B"]
[Site "Robecchetto con Induno ITA"]
[Date "2014.12.27"]
[Round "2"]
[White "Della Peruta, Lorenzo"]
[Black "Marchesotti, Giovanni"]
[WhiteElo "1522"]
[BlackElo "1475"]
[Result "1/2-1/2"]
[PlyCount "44"]
[EventDate "2014.12.26"]

1. e4 c6 2. d4 d5 3. Nc3 dxe4 4. Nxe4 Bf5 5. Nc3 e6 6. Nf3 Nd7 7. Bd3 Bxd3 8.
Qxd3 Ngf6 9. Bf4 Be7 10. O-O O-O 11. Rfe1 Nd5 12. Nxd5 cxd5 13. Rac1 Rc8 14. c3
Nf6 15. Qb5 Qd7 16. Qxd7 Nxd7 17. b3 b5 18. Rc2 Nb6 19. Ne5 Bf6 20. Ng4 Bxd4
21. Rec1 Bc5 22. Ne3 Ba3 1/2-1/2

[Event "XXV Weekend B"]
[Site "Robecchetto con Induno ITA"]
[Date "2014.12.27"]
[Round "2"]
[White "Frignani, Alessandro"]
[Black "Bignami, Matteo"]
[WhiteElo "1389"]
[BlackElo "1536"]
[Result "1/2-1/2"]
[PlyCount "120"]
[EventDate "2014.12.26"]

1. e4 e5 2. Bc4 Bc5 3. Qf3 Nf6 4. Nc3 O-O 5. d3 c6 6. Qg3 d5 7. exd5 cxd5 8.
Bb3 Nc6 9. Bh6 Ng4 10. Be3 d4 11. Nd5 dxe3 12. Nxe3 Nxe3 13. fxe3 Qf6 14. O-O-O
Be6 15. Ne2 Qh6 16. Nc3 Bxe3+ 17. Kb1 Bf4 18. Qf2 Nd4 19. g3 Be3 20. Qg2 Nxb3
21. axb3 b6 22. Rhe1 Bd4 23. Ne2 Bg4 24. Qe4 Bxe2 25. Qxe2 Rae8 26. c3 Bc5 27.
b4 Bd6 28. Qg2 f6 29. Qd5+ Rf7 30. Qxd6 Qxh2 31. Rg1 Rfe7 32. Qd5+ Kh8 33. Qe4
Qf2 34. Rdf1 f5 35. Qxf5 Qxf5 36. Rxf5 g6 37. Rf6 Kg7 38. Rgf1 h5 39. Kc2 Kh6
40. R1f5 Re6 41. Rxe6 Rxe6 42. Rf7 a6 43. Ra7 b5 44. c4 bxc4 45. dxc4 e4 46.
Kd2 Rc6 47. c5 Kg5 48. Re7 a5 49. Re5+ Kf6 50. b5 Rc8 51. Rd5 Ke6 52. Rd6+ Ke7
53. Rxg6 Rxc5 54. b6 Rb5 55. Ke3 Rxb2 56. Kxe4 a4 57. b7 Kf7 58. Ra6 Rxb7 59.
Rxa4 Rb3 60. Kf4 Rb5 1/2-1/2

[Event "XXV Weekend B"]
[Site "Robecchetto con Induno ITA"]
[Date "2014.12.27"]
[Round "2"]
[White "Loggia, Davide"]
[Black "Aloe, Giancarlo"]
[WhiteElo "1392"]
[BlackElo "1631"]
[Result "1/2-1/2"]
[PlyCount "114"]
[EventDate "2014.12.26"]

1. c4 Nf6 2. Nf3 c6 3. g3 d5 4. Bg2 Bf5 5. O-O e6 6. d3 Nbd7 7. Nc3 Be7 8. a3
O-O 9. b4 dxc4 10. dxc4 Qc7 11. Bb2 Rad8 12. Qb3 Ne5 13. Nxe5 Qxe5 14. Nd5 Qd6
15. Nxe7+ Qxe7 16. Rfd1 Ne4 17. Bxe4 Bxe4 18. Qe3 Bc2 19. Qc3 Rxd1+ 20. Rxd1
Qg5 21. Qxc2 h5 22. Qd2 Qg4 23. Qd4 Qg6 24. Qd3 Qg4 25. Qf3 Qxc4 26. Qc3 Qg4
27. Rd4 Qg6 28. Qd3 Qf6 29. e4 h4 30. e5 Qg5 31. Rxh4 g6 32. Qd6 Rd8 33. Rg4
Qd2 34. Qxd2 Rxd2 35. Bd4 b6 36. Be3 Ra2 37. Rc4 Rxa3 38. Rxc6 Ra4 39. Bxb6
axb6 40. Rxb6 Ra2 41. Rb8+ Kg7 42. b5 Rb2 43. b6 g5 44. b7 g4 45. Kf1 Kh7 46.
Ke1 Kg7 47. Kd1 Kh7 48. Kc1 Rb6 49. Kc2 Kg7 50. Kc3 Kh7 51. Kc4 Kg7 52. Kc5 Rb2
53. Kc6 Rc2+ 54. Kd7 Rb2 55. Ke7 Rb3 56. Kd6 Rb1 57. Kc6 Rc1+ 1/2-1/2

[Event "XXV Weekend B"]
[Site "Robecchetto con Induno ITA"]
[Date "2014.12.27"]
[Round "2"]
[White "Milazzo, Gianluca"]
[Black "Negro, Andrea"]
[WhiteElo "1576"]
[BlackElo "1389"]
[Result "1-0"]
[PlyCount "85"]
[EventDate "2014.12.26"]

1. c4 e6 2. Nf3 Nf6 3. g3 d5 4. Bg2 c6 5. b3 Nbd7 6. Bb2 Bd6 7. d3 O-O 8. Nbd2
Re8 9. O-O e5 10. e4 dxe4 11. dxe4 Nc5 12. Qc2 Bg4 13. a3 Bc7 14. h3 Bh5 15. g4
Bg6 16. Ne1 Ne6 17. Nd3 Nd4 18. Qd1 Qd7 19. Nc5 Qc8 20. b4 b6 21. Ncb3 Nxb3 22.
Qxb3 Qe6 23. Rfe1 Rad8 24. Rad1 h6 25. f3 Rd7 26. Nf1 Red8 27. Ne3 b5 28. Bf1
a6 29. Qc3 Rxd1 30. Rxd1 Rxd1 31. Nxd1 Bb6+ 32. c5 Bc7 33. Nf2 Nh7 34. f4 Bxe4
35. Nxe4 Qd5 36. Qd3 Qxd3 37. Bxd3 exf4 38. Kf2 a5 39. h4 axb4 40. axb4 Kf8 41.
Nd6 g6 42. Kf3 Bd8 43. h5 1-0

[Event "XXV Weekend B"]
[Site "Robecchetto con Induno ITA"]
[Date "2014.12.27"]
[Round "2"]
[White "Minore, Antonino"]
[Black "Pattano, Antonio"]
[WhiteElo "1291"]
[BlackElo "1437"]
[Result "1-0"]
[PlyCount "113"]
[EventDate "2014.12.26"]

1. d4 d5 2. g3 Nf6 3. Bg2 e6 4. Bg5 Nbd7 5. Nd2 Be7 6. c4 c6 7. Qc2 Qa5 8. c5
b5 9. Ngf3 Qd8 10. Bxf6 Bxf6 11. e3 O-O 12. Nb3 a5 13. a3 a4 14. Nbd2 Ba6 15.
b4 Qc7 16. O-O-O Rfe8 17. Nh4 Bxh4 18. gxh4 Nf6 19. f3 e5 20. Rde1 Bb7 21. Rhg1
g6 22. Bh3 Bc8 23. Bf5 Bxf5 24. Qxf5 Kg7 25. h5 Qd7 26. h6+ Kxh6 27. Qxf6 Re6
28. Qg5+ Kg7 29. h4 Qe7 30. Qxe7 Rxe7 31. h5 Re6 32. Kc2 Rae8 33. Kd3 e4+ 34.
fxe4 dxe4+ 35. Kc2 f5 36. Ref1 Rf8 37. Rf4 Kh6 38. hxg6 hxg6 39. Rh1+ Kg7 40.
Nf1 g5 41. Rg1 Rg6 42. Rf2 g4 43. Rf4 Rh6 44. Ng3 Re6 45. Nxf5+ Rxf5 46. Rxf5
Rg6 47. Rg3 Kh6 48. Rf4 Kh5 49. Rxe4 Kh4 50. Rg1 Kh3 51. Rf4 g3 52. Rf3 Kh2 53.
Rfxg3 Rxg3 54. Rxg3 Kxg3 55. d5 cxd5 56. c6 Kf3 57. Kd3 1-0

[Event "XXV Weekend B"]
[Site "Robecchetto con Induno ITA"]
[Date "2014.12.27"]
[Round "2"]
[White "Ossoli, Giuseppe"]
[Black "Castoldi, Andrea"]
[WhiteElo "1541"]
[BlackElo "1419"]
[Result "0-1"]
[PlyCount "92"]
[EventDate "2014.12.26"]

1. e4 c6 2. Nf3 d5 3. c3 dxe4 4. Nd4 Nf6 5. h3 e6 6. Bc4 Qd6 7. a3 Be7 8. b4
O-O 9. d3 exd3 10. Bxd3 b6 11. O-O Ba6 12. Bxa6 Nxa6 13. Qc2 c5 14. Nf3 Rfd8
15. Be3 Qd3 16. Qxd3 Rxd3 17. Ne5 Rd6 18. Nc4 Rdd8 19. b5 Nc7 20. a4 Nfd5 21.
Re1 Nxe3 22. Nxe3 Nd5 23. Ra2 Nxe3 24. fxe3 Rd3 25. Kf2 Bf6 26. Rc2 a5 27. c4
Rad8 28. g3 h5 29. h4 g5 30. hxg5 Bxg5 31. Kf3 Kg7 32. Nc3 f5 33. Ree2 Bf6 34.
Nb1 Rd1 35. Nc3 Bxc3 36. Rxc3 Kf6 37. e4 R1d3+ 38. Re3 Rxc3 39. Rxc3 fxe4+ 40.
Kxe4 Rd4+ 41. Ke3 Kf5 42. Ke2 Kg4 43. Ke1 e5 44. Ke2 e4 45. Kf2 Rd3 46. Rxd3
exd3 0-1

[Event "XXV Weekend B"]
[Site "Robecchetto con Induno ITA"]
[Date "2014.12.27"]
[Round "2"]
[White "Pivari, Flavio"]
[Black "Mori, Claudio"]
[WhiteElo "1476"]
[BlackElo "1377"]
[Result "1/2-1/2"]
[PlyCount "70"]
[EventDate "2014.12.26"]

1. d4 d5 2. c4 c6 3. Nf3 Nf6 4. e3 Bf5 5. Nc3 Nbd7 6. cxd5 cxd5 7. Bb5 a6 8.
Bd3 e6 9. Bxf5 exf5 10. O-O g6 11. Qb3 Nb6 12. Nd2 Be7 13. a4 Rb8 14. a5 Nc8
15. Qa4+ Kf8 16. Qc2 Nd6 17. f3 Kg7 18. b3 Qc7 19. Bb2 Rhc8 20. Rfc1 Qd7 21.
Qd1 Rc7 22. Na4 Rc6 23. Nb6 Qe8 24. e4 fxe4 25. fxe4 Ndxe4 26. Nxe4 Nxe4 27.
Nxd5 Rd8 28. Nxe7 Rxc1 29. d5+ Nf6 30. Rxc1 Qxe7 31. Qd4 Rd6 32. Rf1 Qd8 33.
Qc3 Qe7 34. Ba3 Qd8 35. Bb2 Qe7 1/2-1/2

[Event "XXV Weekend B"]
[Site "Robecchetto con Induno ITA"]
[Date "2014.12.27"]
[Round "2"]
[White "Rizzi, Domenico"]
[Black "Bolognese, Leonardo"]
[WhiteElo "1624"]
[BlackElo "1488"]
[Result "1-0"]
[PlyCount "103"]
[EventDate "2014.12.26"]

1. e4 e5 2. Nf3 Nc6 3. Bc4 Nf6 4. Ng5 d5 5. exd5 Na5 6. Bb5+ Bd7 7. Qe2 Bd6 8.
Bxd7+ Qxd7 9. d4 Nxd5 10. dxe5 Be7 11. e6 fxe6 12. Nxe6 Bf6 13. O-O Ne7 14. Nc3
Nac6 15. Bf4 Rc8 16. Rad1 Nd4 17. Nxd4 Bxd4 18. Rfe1 O-O 19. Qxe7 Qxe7 20. Rxe7
Rxf4 21. Re2 Rcf8 22. Rdd2 Bxc3 23. bxc3 Ra4 24. Rd7 Rxa2 25. g3 Ra1+ 26. Kg2
Ra3 27. Ree7 Rf6 28. Rxg7+ Kf8 29. Rxh7 Kg8 30. Rxc7 a5 31. Rhd7 b5 32. Rd8+
Rf8 33. Rxf8+ Kxf8 34. Rc5 a4 35. Rxb5 Rxc3 36. Rb2 a3 37. Ra2 Kf7 38. h4 Kg6
39. g4 Rc4 40. Kg3 Rc3+ 41. f3 Kh6 42. Kf4 Kg6 43. Ke4 Kf6 44. f4 Rc4+ 45. Ke3
Rc3+ 46. Kd4 Rg3 47. g5+ Kg6 48. c4 Rg4 49. Ke5 Rxh4 50. Rxa3 Rh8 51. Ra6+ Kh5
52. Rh6+ 1-0